Ελληνικά δημοτικά τραγούδια
Αποθηκεύτηκε σε:
| Άλλοι συγγραφείς: | |
|---|---|
| Μορφή: | Βιβλίο |
| Γλώσσα: | German Greek |
| Δημοσίευση: |
Αθήνα :
[χ.ό.],
1947
|
| Θέματα: | |
| Ετικέτες: |
Προσθήκη ετικέτας
Δεν υπάρχουν, Καταχωρήστε ετικέτα πρώτοι!
|
MARC
| LEADER | 00000cam a2200000 i 4500 | ||
|---|---|---|---|
| 001 | 1/88202 | ||
| 008 | 051027s1943 ger d | ||
| 035 | |l 10081021 | ||
| 040 | |a GR-MY-UA |b gre |e aacr | ||
| 041 | 0 | |a ger |h gre | |
| 082 | 0 | |a 782.42162 |2 (22) | |
| 245 | 1 | 0 | |a Ελληνικά δημοτικά τραγούδια / |c επιμέλεια: Εντβίγη Λυντέκε ; μετάφραση: Εντβίγη Λυντέκε |
| 260 | |a Αθήνα : |b [χ.ό.], |c 1947 | ||
| 300 | |a 367 σ.; |c 26 εκ. | ||
| 504 | |a Περιλαμβάνει γλωσσάρι | ||
| 505 | 0 | |a Μέρος Α'. Ελληνικά γράμματα | |
| 650 | 0 | 0 | |a Folk music |z Greece. |
| 650 | 0 | 0 | |a Folk songs, Greek (Modern) |x Collections. |
| 650 | 0 | 0 | |a Greek poetry, Modern |x Collections. |
| 700 | 1 | |a Ludeke, Hedwig |d 1879-1961. |4 edt |4 aui | |
| 852 | |a INST |b CHIOS |e 20051027 |h 782.42162 HED |p 005200022055 |q 005200022055 |t BK |y 0 | ||
| 852 | |a INST |b LESVOS |e 20060125 |h 398.87 LUD |p 005100034033 |q 005100034033 |t BK |y 0 | ||
| 901 | |a BIBL2-2005-3 | ||
| 901 | |a BIBL1-2006-1 | ||
| 909 | |a Χ |b 112832 | ||
| 909 | |a Λ |b 125557 | ||
| 970 | |a ΧΑΖΙΡΗ |b ΑΝΝΑ |z 2005/10/27 | ||